Catálogo de la biblioteca de la Real Sociedad Economica de Amigos del País / (Record no. 21838)

MARC details
000 -LEADER
campo de control de longitud fija 00828nam a2200229 i 4500
001 - NÚMERO DE CONTROL
campo de control 21838
003 - IDENTIFICADOR DE NÚMERO DE CONTROL
campo de control ES-MaACL
005 - FECHA Y HORA DE LA ÚLTIMA TRANSACCIÓN
campo de control 20250902093543.0
007 - CAMPO FIJO DE DESCRIPCIÓN FÍSICA--INFORMACIÓN GENERAL
campo de control de longitud fija t|
008 - DATOS DE LONGITUD FIJA--INFORMACIÓN GENERAL
campo de control de longitud fija 021128s1972 sp ||||1| spa d
100 1# - ENTRADA PRINCIPAL--NOMBRE DE PERSONA
Nombre de persona Aleixandre Tena, Francisca.
9 (RLIN) 19694
245 10 - MENCIÓN DEL TÍTULO
Título Catálogo de la biblioteca de la Real Sociedad Economica de Amigos del País /
Mención de responsabilidad, etc. Francisca Aleixandre Tena ; prólogo de Joaquín Maldonado Almenar.
260 ## - PUBLICACIÓN, DISTRIBUCIÓN, ETC.
Lugar de publicación, distribución, etc. Valencia :
Nombre del editor, distribuidor, etc. [s.n.,
Fecha de publicación, distribución, etc. 1972] (
Fabricante Art. Gráf. Soler)
300 ## - DESCRIPCIÓN FÍSICA
Extensión XII, 567 p. ;
Dimensiones 24 cm.
490 1# - MENCIÓN DE SERIE
Mención de serie Arxius i documents
700 1# - ENTRADA AGREGADA--NOMBRE PERSONAL
Nombre de persona Maldonado Almenar, Joaquín.
9 (RLIN) 75721
710 2# - ENTRADA AGREGADA--NOMBRE DE ENTIDAD CORPORATIVA
Nombre de entidad corporativa o nombre de jurisdicción como elemento de entrada Real Sociedad Económica de Amigos del País de Valencia
9 (RLIN) 141784
830 0# - PUNTO DE ACCESO ADICIONAL DE SERIE-TÍTULO UNIFORME
Título uniforme Arxius i documents
9 (RLIN) 180777
852 ## - LOCALIZACIÓN
Ubicación ES-MaACL
Número de control de estantería C-48908
Sublocalización o colección R.84421
942 ## - ELEMENTOS DE ENTRADA SECUNDARIOS (KOHA)
Fuente del sistema de clasificación o colocación Clasificación decimal universal
Holdings
Estatus retirado Estado de pérdida Estado de daño No para préstamo Biblioteca de origen Biblioteca actual Ubicación en estantería Fecha de adquisición Fuente de adquisición Total de préstamos Signatura topográfica completa Código de barras Visto por última vez Precio de reemplazo Tipo de ítem Koha
        Biblioteca del Ateneo de Madrid Biblioteca del Ateneo de Madrid Depósito 2 17/01/2008     C-48908 1022445 23/02/2023 23/02/2023 Libro impreso